01001cam a22002651i 4500001001300000003000400013005001700017008004100034010001700075035001900092040002000111041001600131042001200147050002100159130007600180245005200256260011000308300003900418440004600457500004100503500004700544630007600591650001600667700005200683sa 65005350 DLC20260227112137.0760804s1960 ii h 001 0 san  asa 65005350  a(OCoLC)2355149 aDLCcNSbIAdDLC0 asanbenghin apremarc00aBL1416b.G3 19600 aTripiṭaka.pSūtrapiṭaka.pAvataṃsakasūtra.pGaṇḍavyūha.00aGaṇḍavyūhasūtra /ced. by P. L. Vaidya. aDarbhanga, India, :bMithila Institute of Post-graduate Studies and Research in Sanskrit Learning,c1960. axxxii, 450 p. :bfacsim. ;c26 cm. 0aBauddha-Saṃskr̥ta-granthāvalī ;v5 aTitle pages in Sanskrit and English. aIn Sanskrit; introd. in English and Hindi.00aTripiṭaka.pSūtrapiṭaka.pAvataṃsakasūtra.pGaṇḍavyūha. 0aBuddhahood.1 aVaidya, Paraśurāma Lakshmaṇa,d1891-eed.